El estandar para la dirección de proyectos y Guía de los fundamentos para la dirección de proyectos (Guía del PMBOK) (Registro nro. 237533)
[ vista simple ]
| 000 -LEADER | |
|---|---|
| campo de control de longitud fija | 00663nam a2200205Ia 4500 |
| 005 - FECHA Y HORA DE LA ÚLTIMA TRANSACCIÓN | |
| campo de control | 20250425162836.0 |
| 008 - DATOS DE LONGITUD FIJA--INFORMACIÓN GENERAL | |
| campo de control de longitud fija | 250425s9999 xx 000 0 und d |
| 020 ## - NÚMERO INTERNACIONAL ESTÁNDAR DEL LIBRO | |
| Número Internacional Estándar del Libro | 9781628256796 |
| 041 ## - CÓDIGO DE IDIOMA | |
| Código de lengua del texto/banda sonora o título independiente | spa |
| 082 ## - NÚMERO DE LA CLASIFICACIÓN DECIMAL DEWEY | |
| Número de clasificación | 658.404 |
| Iniciales del Autor | PRO |
| 010 ## - NÚMERO DE CONTROL DE LA BIBLIOTECA DEL CONGRESO | |
| Número de control de LC | 112365 |
| 100 ## - ENTRADA PRINCIPAL--NOMBRE DE PERSONA | |
| Nombre de persona | Project Management Institute |
| 245 #0 - MENCIÓN DEL TÍTULO | |
| Título | El estandar para la dirección de proyectos y Guía de los fundamentos para la dirección de proyectos (Guía del PMBOK) |
| Mención de responsabilidad, etc. | Project Management Institute |
| 250 ## - MENCION DE EDICION | |
| Mención de edición | 7a ed. |
| 260 ## - PUBLICACIÓN, DISTRIBUCIÓN, ETC. | |
| Lugar de publicación, distribución, etc. | Pennsylvania |
| Nombre del editor, distribuidor, etc. | Project Management Institute |
| Fecha de publicación, distribución, etc. | 2021 |
| 300 ## - DESCRIPCIÓN FÍSICA | |
| Extensión | 275 páginas |
| 650 ## - PUNTO DE ACCESO ADICIONAL DE MATERIA--TÉRMINO DE MATERIA | |
| Término de materia o nombre geográfico como elemento de entrada | Dirección de proyectos-Estándares |
| 650 ## - PUNTO DE ACCESO ADICIONAL DE MATERIA--TÉRMINO DE MATERIA | |
| Término de materia o nombre geográfico como elemento de entrada | PMBOK |
| 942 ## - ELEMENTOS DE ENTRADA SECUNDARIOS (KOHA) | |
| Tipo de ítem Koha | Libros |
| Estatus retirado | Estado de pérdida | Fuente de la clasificación o esquema de estantería | Estado de daño | No para préstamo | Biblioteca de origen | Biblioteca actual | Fecha de adquisición | Coste, precio normal de compra | Etiqueta RFID | Total de préstamos | Signatura topográfica completa | Código de barras | Visto por última vez | Copia número | Fecha de reemplazo | Tipo de ítem Koha | Nota pública | forma de adquisición |
|---|---|---|---|---|---|---|---|---|---|---|---|---|---|---|---|---|---|---|
| Clasificación Decimal Dewey | ESCUELA DE NEGOCIOS | CENTRO DE INFORMACIÓN BIBLIOTECARIA | 09/12/2022 | 142.00 | 0000000000000000035791 | 658.404 PRO | 80747 | 08/08/2025 | 1 | 08/08/2025 | Libros | CIB | Compra / Multilibro | |||||
| Clasificación Decimal Dewey | CENTRO DE INFORMACIÓN BIBLIOTECARIA | CENTRO DE INFORMACIÓN BIBLIOTECARIA | 09/02/2022 | 142.00 | 658.404 PRO | 80965 | 21/01/2026 | 2 | 21/01/2026 | Libros | ESPOL. CIB |